Statistiques concernant Les 20 préfectures les plus proches de Nice

Cliquez ici pour prendre le quiz!

Statistiques générales

  • Ce quiz a été pris 111 fois
    (104 depuis la dernière actualisation)
  • Le résultat moyen est 15 sur 20

Statistiques - réponses

distance (en km)ville préfecture% Correct
160Marseille
100%
273Montpellier
97%
299.22Lyon
94%
126Toulon
93%
205Grenoble
87%
200Avignon
84%
234Nimes
83%
135Gap
81%
94Digne les Bains
79%
299.43Saint-Etienne
74%
234Valence
71%
261Annecy
70%
233Chambéry
69%
315Mende
62%
242Privas
62%
231Ajaccio
60%
209Bastia
60%
322Bourg en Bresse
58%
308Le Puy en Velay
56%
347Macon
48%

Distribution des résultats

Percentile par nombre de réponses

% des personnes avec chaque résultat

Votre développement - résultats

Vous n’avez pas pris ce quiz depuis la dernière actualisation